Music Quiz

Random Music or Kpop Quiz
Score 0/46 Timer 10:00
0 Plays Today
% Correct
EXO
91.2%
BTS
90.1%
GOT7
89.8%
Big Bang
85.6%
Seventeen
81.4%
Shinee
81%
BTOB
79%
Monsta X
78.5%
Astro
77.5%
iKon
75.1%
Infinite
75.1%
B.A.P
74%
NCT Dream
73.8%
Super Junior
73.7%
HIGHLIGHT
73.2%
Teen Top
71.2%
Nu'Est
71.1%
2PM
70.6%
B1A4
70.6%
WINNER
69.1%
CNBlue
67.4%
Pentagon
67.4%
Block B
59.2%
% Correct
Day6
50.7%
SF9
44.8%
NCT U
44.3%
B.I,.G
43.1%
KNK
42.5%
UP10TION
41.4%
Topp Dogg
35.5%
24K
32.9%
U-Kiss
30.8%
JJCC
28.4%
Boyfriend
27.9%
IMFACT
27.1%
VAV
26.1%
Victon
26.1%
Boys Republic
23.3%
UNIQ
21.9%
Cross Gene
21.8%
HOTSHOT
19.1%
Bigstar
13.1%
Romeo
12.9%
Vromance
11.9%
Snuper
11.7%
Voisper
9%
Remove Ads.
Support Sporcle.
Get the best of Sporcle when you Go Orange. This ad-free experience offers more features, more stats, and more fun while also helping to support Sporcle. Thank you for becoming a member.

You're not logged in!

Compare scores with friends on all Sporcle quizzes.
OR
Log In

Sporcle TV

Today on Sporcle TV


Watch our educational content, quiz creation guides, and fun videos on Sporcle TV.

Show Comments

Extras

Created Sep 29, 2017ReportNominate
Tags:Kpop Quiz, Kpop Idol, Kpop Quiz

Top Quizzes Today


Score Distribution

Paid Content

Your Account Isn't Verified!

In order to create a playlist on Sporcle, you need to verify the email address you used during registration. Go to your Sporcle Settings to finish the process.

Report this User

Report this user for behavior that violates our Community Guidelines.

Details: